1550 1987 1947 1404 1116 1590 1987 1055 1883 1443 1086 1502 1920 1804 1742 1676 1712 1169 1452 1865 1190 1374 1255 1900 1501 1666 1505 1544 1866 1869 1402 1900 1207 1772 1643 1226 1091 1009 1030 1485 1251 1118 1320 1180 1010 1794 1595 1526 1762 1460 1935 1236 1287 1373 1154 1849 1009 1163 1629 1515 1393 1052 1001 1790 1877 1167 1938 1837 1650 1543 1068 1210 1358 1408 1717 1628 1232 1099 1258 1997 1139 1946 1568 1301 1993 1022 1235 1139 1606 1582 1470 1434 1889 1936 1422 1282 1095 1638 1009 BCNSPRNW ULIB Ver.6.0+V

เปลี่ยนเป็นภาษาไทย

Change to English
 แสดงรายละเอียดบรรณานุกรม
  กลับหน้าหลัก

Brief Record : Get Marc (ISO 2709) : E-mail record : QR code < ปิดหน้าต่าง
LEADER : 00000nam 2200000uu 4500
001    13399115023
003     ULIB
008    020711s2552 th a 000 0 tha d
020    ^a9789742127954
082 04 ^aรส.^bส176S
090    ^aรส.^bส176S
100    ^aLouie Stowell
245    ^aซามูไร /^cLouie Stowell
260    ^aกรุงเทพฯ :^bซีเอ็ด,^c2552
300    94 หน้า
500    ชุดอ่านอังกฤษ เก่งอังกฤษ
501    Stage 3
945    ^p99^l0^i028466
999 ^a ทศพร
รายการนี้ยังไม่มีแท็ก
คุณยังไม่ได้ล็อกอิน คุณสามารถมีกิจกรรมร่วมกับเว็บไซต์ได้ แต่ต้องล็อกอินก่อน ::
  ล็อกอิน

รายการสื่อสารสนเทศ

ลำดับที่ ประเภท เลขเรียก/บาร์โค้ด สถานที่ สถานะ
1. นวนิยาย
นวนิยาย
รส. ส176S รส. ส176S ฉ.1 
  Barcode: 028466
ห้องสมุดวิทยาเขตสวรรค์ประชารักษ์
►นวนิยาย
บนชั้น
  ขอยืม

BibComment


ยังไม่เคยถูกคอมเมนท์

คอมเมนท์ทรัพยากรรายการนี้
  คอมเมนท์: ซามูไร Louie St..


 Copyright 2026. Bcnsprnw @Library